Statistiques concernant Stades de Serie A (2022-2023)

Cliquez ici pour prendre le quiz!

Statistiques générales

  • Ce quiz a été pris 70 fois
  • Le résultat moyen est 4 sur 18

Statistiques - réponses

Équipe(s)StadeVilleCapacité% Correct
AC Milan - Inter MilanSan Siro / Giuseppe MeazzaMilan80 018
100%
SSC NaplesStade Diego Armando MaradonaNaples60 240
82%
AS Rome - SS LazioStade olympique de RomeRome70 634
76%
Juventus TurinAllianz StadiumTurin41 504
59%
ACF FiorentinaStade Artemio-FranchiFlorence47 282
24%
Torino FCStade olympique de TurinTurin27 994
18%
Udinese CalcioDacia ArenaUdine25 500
12%
UC SampdoriaStade Luigi-FerrarisGênes36 685
12%
Atalanta BergameGewiss StadiumBergame26 542
10%
US SassuoloMapei Stadium-Città del TricoloreReggio d'Émilie23 717
8%
US LecceStade Via del MareLecce36 285
6%
Bologne FC 1909Stade Renato-Dall'AraBologne38 279
4%
Spezia CalcioStade Alberto-PiccoLa Spezia10 336
2%
US Salernitana 1919Stade ArigisSalerne31 000
0%
AC MonzaStade BrianteoMonza18 568
0%
Empoli FCStade Carlo-CastellaniEmpoli19 847
0%
US CremoneseStade Giovanni-ZiniCremone20 461
0%
Hellas VeroneStade Mercantonio-BetengodiVérone39 211
0%

Distribution des résultats

Percentile par nombre de réponses

% des personnes avec chaque résultat

Votre développement - résultats

Vous n’avez pas pris ce quiz